[Event "EUR Team Ch Debrecen"]
[Site "?"]
[Date "1992.??.??"]
[Round "?"]
[White "Ivanchuk, Vassily"]
[Black "Speelman, Jonathan S"]
[Result "1-0"]
[WhiteElo "2720"]
[BlackElo "2630"]
[PlyCount "73"]
[EventDate "1992.??.??"]
[Source "www.chesslib.no"]
[SourceDate "2004.05.04"]

1. d4 d6 2. Nf3 Bg4 3. c4 Nd7 4. g3 Bxf3 5. exf3 g6 6. Bg2 Bg7 7. O-O Nh6 8. f4 Nf5 9. Bxb7 Rb8 10. Bg2 Nxd4 11. Nc3 O-O 12. Rb1 c6 13. b3 Qc7 14. Bb2 Nc5 15. h4 Qa5 16. Re1 e6 17. Ne2 Nxe2+ 18. Rxe2 Bxb2 19. Rexb2 d5 20. b4 Qa3 21. h5 dxc4 22. Qd4 Nd3 23. h6 e5 24. Qd6 Rfe8 25. Bxc6 Qa6 26. Re2 Qb6 27. Qf6 Kf8 28. Qg7+ Ke7 29. Bxe8 Rxe8 30. Rxe5+ Kd6 31. Qf6+ Re6 32. Rxe6+ fxe6 33. Rf1 Kd5 34. Qg7 Ke4 35. Qxh7 e5 36. Qf7 Kf3 37. Qxg6 1-0

[Event "42nd Capablanca Memorial - Elite"]
[Site "L'Avana CUB"]
[Date "2007.05.22"]
[Round "5"]
[White "Nielsen, PH."]
[Black "Miton, K."]
[Result "1/2-1/2"]
[WhiteElo "2649"]
[BlackElo "2653"]
[PlyCount "70"]
[EventDate "2007.05.18"]
[Source "www.chesslib.no"]
[SourceDate "2004.05.04"]

1. d4 d6 2. Nf3 Bg4 3. c4 Nd7 4. g3 Bxf3 5. exf3 g6 6. Bg2 Bg7 7. O-O c6 8. d5 Ngf6 9. f4 O-O 10. Be3 Nb6 11. Na3 Qd7 12. Re1 Rfc8 13. Qb3 Kf8 14. dxc6 bxc6 15. c5 Nbd5 16. cxd6 exd6 17. Nc4 Nxe3 18. Qxe3 d5 19. Qa3+ Kg8 20. Ne5 Qb7 21. Rac1 Bf8 22. Qb3 Qxb3 23. axb3 Rab8 24. Nxc6 Rb7 25. b4 Rcc7 26. Rc3 Rb6 27. Rec1 Rcb7 28. Rd3 Bxb4 29. Nxb4 Rxb4 30. Bxd5 Rd7 31. Rcd1 Nxd5 32. Rxd5 Rxd5 33. Rxd5 Rxb2 34. Ra5 Rb7 35. h4 h5 1/2-1/2

[Event "Nussloch"]
[Site "Nussloch"]
[Date "1996.??.??"]
[Round "4"]
[White "Sokolov, Ivan"]
[Black "Hickl, Joerg"]
[Result "1/2-1/2"]
[WhiteElo "2665"]
[BlackElo "2580"]
[PlyCount "115"]
[EventDate "1996.05.??"]
[Source "ChessBase"]

1. d4 d6 2. Nf3 Bg4 3. c4 Nd7 4. g3 Bxf3 5. exf3 g6 6. Bg2 Bg7 7. O-O Ngf6 8. Nc3 O-O 9. f4 c6 10. d5 Rc8 11. Be3 Qa5 12. Rc1 Nb6 13. dxc6 bxc6 14. b3 Rfd8 15. Re1 e6 16. Bd2 Qa6 17. Bf1 Qb7 18. Qf3 d5 19. cxd5 cxd5 20. Bd3 Nbd7 21. Na4 Rxc1 22. Rxc1 e5 23. Qe2 e4 24. Ba6 Qb8 25. Ba5 Nb6 26. Qb5 Nfd7 27. Qc6 Nf8 28. Nc5 Rd6 29. Qb5 h5 30. a4 Bd4 31. Bd2 Rd8 32. a5 Nbd7 33. Nb7 Re8 34. Qxd5 Bxf2+ 35. Kxf2 Nf6 36. Qc6 e3+ 37. Bxe3 Ng4+ 38. Kg1 Rxe3 39. Bc4 h4 40. Kg2 Re7 41. a6 Ne3+ 42. Kf2 Nxc4 43. Rxc4 Re6 44. Qa4 hxg3+ 45. hxg3 g5 46. Qb5 gxf4 47. gxf4 Rb6 48. Qa4 Rf6 49. Kg3 Kg7 50. Qa1 Ng6 51. Nc5 Qh8 52. f5 Qh6 53. fxg6 Qe3+ 54. Kg2 Qf3+ 55. Kh2 Qf2+ 56. Kh1 Qf3+ 57. Kh2 Qf2+ 58. Kh1 1/2-1/2

[Event "Groningen"]
[Site "?"]
[Date "1993.??.??"]
[Round "?"]
[White "Vyzmanavin, A."]
[Black "Hodgson, Ju"]
[Result "0-1"]
[WhiteElo "2605"]
[BlackElo "2625"]
[PlyCount "92"]
[EventDate "1993.??.??"]
[Source "ChessBase"]
[SourceDate "1993.10.01"]

1. d4 d6 2. Nf3 Bg4 3. e4 Nf6 4. Bd3 e5 5. d5 Nbd7 6. h3 Bh5 7. Be3 Bg6 8. Nbd2 c6 9. dxc6 bxc6 10. Nh4 d5 11. Nxg6 hxg6 12. O-O Bc5 13. Bg5 Rh5 14. Nf3 Qb6 15. Qe2 Kf8 16. c3 a5 17. Rad1 Re8 18. Bc1 dxe4 19. Bxe4 Nxe4 20. Qxe4 Nf6 21. Qe2 e4 22. Nd4 Qc7 23. Be3 Ba7 24. f4 Nd5 25. Kh1 a4 26. Nc2 Bb8 27. Nb4 Nxe3 28. Qxe3 Ba7 29. Qe2 Rf5 30. g3 e3 31. h4 Qb7 32. Kh2 Rf6 33. Rfe1 Rfe6 34. Nd3 f6 35. Rf1 Qb5 36. Rfe1 Rd6 37. Nc1 Rxd1 38. Rxd1 Qxe2+ 39. Nxe2 Rb8 40. Rb1 a3 41. b4 Rd8 42. Kg2 Rd2 43. Kf3 Rxa2 44. b5 Rb2 45. bxc6 Rxb1 46. c7 Rb8 0-1

[Event "Groningen"]
[Site "?"]
[Date "1994.??.??"]
[Round "?"]
[White "Sokolov, I."]
[Black "Miles, A."]
[Result "1-0"]
[WhiteElo "2625"]
[BlackElo "2600"]
[PlyCount "71"]
[EventDate "1994.??.??"]
[Source "ChessBase"]
[SourceDate "1994.10.01"]

1. d4 d6 2. Nf3 Bg4 3. c4 Bxf3 4. exf3 e6 5. Nc3 Nd7 6. Bd3 g6 7. h4 Bg7 8. Be3 Ne7 9. h5 Nf5 10. Bxf5 gxf5 11. g4 fxg4 12. fxg4 Qe7 13. h6 Bf6 14. Qf3 O-O-O 15. Rh5 Rhg8 16. Ra5 Kb8 17. Rb5 b6 18. a4 Bg5 19. Bxg5 Rxg5 20. a5 d5 21. axb6 axb6 22. c5 Qf6 23. Qxf6 Nxf6 24. cxb6 cxb6 25. Rxb6+ Kc7 26. Rb5 Rd7 27. f3 Rg6 28. Kf2 Kd6 29. b4 Ng8 30. Ra6+ Ke7 31. Na4 Rxh6 32. Nc5 Rc7 33. Rb8 Nf6 34. g5 Nd7 35. Nxd7 Rh2+ 36. Kg3 1-0

[Event "Elista ol (Men)"]
[Site "Elista"]
[Date "1998.10.02"]
[Round "4"]
[White "Sakaev, Konstantin"]
[Black "Gulko, Boris F"]
[Result "1/2-1/2"]
[WhiteElo "2635"]
[BlackElo "2585"]
[PlyCount "21"]
[EventDate "1998.09.29"]
[Source "ChessBase"]
[SourceDate "1998.11.06"]

1. d4 d6 2. Nf3 Bg4 3. c4 g6 4. e3 Bg7 5. Nc3 c5 6. d5 Bxc3+ 7. bxc3 Nd7 8. Be2 Qa5 9. Qc2 Nb6 10. e4 Qa4 11. Qb3 1/2-1/2

[Event "St Petersburg"]
[Site "St Petersburg"]
[Date "1997.??.??"]
[Round "1"]
[White "Sakaev, Konstantin"]
[Black "Svidler, Peter"]
[Result "1/2-1/2"]
[WhiteElo "2580"]
[BlackElo "2640"]
[PlyCount "43"]
[EventDate "1997.04.17"]
[Source "ChessBase"]
[SourceDate "1997.08.01"]

1. d4 d6 2. Nf3 Bg4 3. c4 Bxf3 4. gxf3 Nd7 5. Nc3 g6 6. f4 Bg7 7. Bg2 Rb8 8. O-O e6 9. d5 Ngf6 10. Be3 a6 11. Qb3 e5 12. fxe5 Nxe5 13. Ba7 Ra8 14. Bd4 Nh5 15. e3 O-O 16. Qxb7 Qe7 17. Qb3 Rfb8 18. Qc2 Nxc4 19. Ne2 Ne5 20. Bc3 f5 21. Rae1 Qh4 22. h3 1/2-1/2

[Event "Horgen"]
[Site "?"]
[Date "1994.??.??"]
[Round "?"]
[White "Kortchnoi, V."]
[Black "Miles, A."]
[Result "1/2-1/2"]
[WhiteElo "2615"]
[BlackElo "2600"]
[PlyCount "108"]
[EventDate "1994.??.??"]
[Source "ChessBase"]
[SourceDate "1994.06.01"]

1. d4 d6 2. Nf3 Bg4 3. e3 e6 4. c4 Nd7 5. Nc3 Be7 6. Be2 c6 7. d5 e5 8. dxc6 bxc6 9. Qa4 Qc8 10. h3 Bf5 11. e4 Bg6 12. Be3 Ngf6 13. c5 dxc5 14. Nh4 O-O 15. Nxg6 hxg6 16. Qc2 c4 17. Bxc4 Bc5 18. Bxc5 Nxc5 19. O-O Qc7 20. Rad1 Rad8 21. b4 Nb7 22. Bb3 Qe7 23. a3 a5 24. Na2 c5 25. bxa5 Nxa5 26. Bd5 Nxd5 27. exd5 Nb7 28. Rfe1 Rfe8 29. a4 Rc8 30. Nc3 Qd7 31. Nb5 Nd6 32. Nxd6 Qxd6 33. Qc4 Ra8 34. Rb1 Red8 35. Red1 Qa6 36. Qxc5 Qxa4 37. d6 Qd7 38. Qd5 Ra7 39. Rb4 Qf5 40. Rb7 Rxb7 41. Qxb7 Rd7 42. Qc8+ Kh7 43. Qe8 Qc2 44. Qxd7 Qxd1+ 45. Kh2 Qd2 46. Qc7 Qf4+ 47. Kg1 e4 48. Qc6 e3 49. fxe3 Qxe3+ 50. Kf1 Qd2 51. d7 f5 52. Qc7 Qd1+ 53. Kf2 Qd2+ 54. Kg1 f4 1/2-1/2

[Event "Bundesliga 9798"]
[Site "Germany"]
[Date "1998.??.??"]
[Round "?.1"]
[White "Alterman, Boris"]
[Black "Hodgson, Julian M"]
[Result "1/2-1/2"]
[WhiteElo "2615"]
[BlackElo "2590"]
[PlyCount "57"]
[EventDate "1997.10.??"]
[Source "ChessBase"]
[SourceDate "1999.07.01"]

1. d4 d6 2. Nf3 Bg4 3. c4 Nd7 4. Nc3 Bxf3 5. gxf3 g6 6. f4 Bg7 7. Bg2 c6 8. O-O Nh6 9. e4 O-O 10. Be3 e6 11. Rc1 Qh4 12. Qf3 e5 13. fxe5 dxe5 14. d5 Ng4 15. Qh3 Qxh3 16. Bxh3 Nxe3 17. fxe3 Nc5 18. Rcd1 Bh6 19. Kf2 a5 20. b3 Rfd8 21. Ke2 Bf8 22. Rf2 Be7 23. Kf3 Rd6 24. Rfd2 Rad8 25. Ke2 Bh4 26. Bg2 h5 27. Bf3 Be7 28. Rb1 Rf6 29. Rbd1 1/2-1/2

[Event "Jakarta Gunadarma"]
[Site "Jakarta"]
[Date "1996.??.??"]
[Round "1"]
[White "Portisch, Lajos"]
[Black "Hickl, Joerg"]
[Result "1-0"]
[WhiteElo "2600"]
[BlackElo "2600"]
[PlyCount "55"]
[EventDate "1996.10.15"]
[Source "ChessBase"]

1. d4 d6 2. Nf3 Bg4 3. e3 e6 4. c4 Nd7 5. Nc3 Be7 6. h3 Bh5 7. g4 Bg6 8. h4 h6 9. h5 Bh7 10. Bd3 Ngf6 11. Rg1 c6 12. b3 a6 13. Bb2 Bxd3 14. Qxd3 b5 15. Kf1 bxc4 16. bxc4 Rb8 17. Rb1 Qa5 18. Ba1 Rxb1+ 19. Qxb1 O-O 20. g5 Rb8 21. Qd3 Ne8 22. c5 dxc5 23. gxh6 c4 24. Qxc4 Qxh5 25. Qxc6 Nf8 26. Ne5 Qxh6 27. Rh1 Qg5 28. Rh8+ 1-0

[Event "Munich"]
[Site "Munich"]
[Date "1993.??.??"]
[Round "9"]
[White "Hertneck, Gerald"]
[Black "Lobron, Eric"]
[Result "1/2-1/2"]
[WhiteElo "2575"]
[BlackElo "2620"]
[PlyCount "100"]
[EventDate "1993.05.??"]
[Source "ChessBase"]

1. d4 d6 2. Nf3 Bg4 3. e4 Nf6 4. Nbd2 e6 5. h3 Bh5 6. Qe2 a6 7. g4 Bg6 8. Nh4 Be7 9. Nxg6 hxg6 10. Bg2 e5 11. c3 Nc6 12. Nb3 Nh7 13. f4 Bh4+ 14. Kd1 O-O 15. Kc2 a5 16. a4 exd4 17. Nxd4 Nxd4+ 18. cxd4 g5 19. e5 dxe5 20. dxe5 Qe7 21. Ra3 gxf4 22. Bxf4 c6 23. Rd1 Ng5 24. Bxg5 Bxg5 25. Rad3 Rae8 26. Kb1 Qxe5 27. Qxe5 Rxe5 28. Rd7 Rb8 29. Bf1 Re7 30. Bc4 Rbe8 31. Rxe7 Rxe7 32. Rd8+ Kh7 33. Rf8 Kg6 34. Ra8 Bd2 35. h4 Kf6 36. g5+ Ke5 37. Rf8 f6 38. gxf6 gxf6 39. Rf7 Rxf7 40. Bxf7 Kd4 41. Kc2 Bh6 42. Be6 b5 43. axb5 cxb5 44. Bd7 Kc4 45. b3+ Kb4 46. h5 Bg7 47. Be6 Bf8 48. Bd7 a4 49. bxa4 bxa4 50. Kb2 a3+ 1/2-1/2

[Event "XXXV World Open"]
[Site "King of Prussia USA"]
[Date "2007.06.03"]
[Round "7"]
[White "Mikhalevski, V."]
[Black "Ibragimov, I."]
[Result "1-0"]
[WhiteElo "2590"]
[BlackElo "2602"]
[PlyCount "85"]
[EventDate "2007.06.30"]
[Source "www.chesslib.no"]
[SourceDate "2004.05.04"]

1. d4 d6 2. Nf3 Bg4 3. c4 Bxf3 4. exf3 Nf6 5. Nc3 g6 6. g3 Bg7 7. Bg2 c6 8. f4 O-O 9. O-O Na6 10. d5 cxd5 11. Nxd5 Nc5 12. Ne3 Qd7 13. b4 Na4 14. Bd2 Rac8 15. Qb3 b5 16. Rac1 Nb6 17. cxb5 Qxb5 18. Rfe1 e6 19. Bf1 Qd7 20. Ba6 Rxc1 21. Rxc1 Ne4 22. Be1 d5 23. Ng4 f6 24. f3 Nd6 25. Bf2 h5 26. Ne3 f5 27. Qc2 d4 28. Nd1 Nd5 29. Qc6 Qd8 30. Qa4 Rf7 31. Rc6 Rd7 32. Bf1 Rc7 33. Qa5 Nb6 34. Qc5 Rxc6 35. Qxc6 Nd5 36. a3 Qb6 37. Qd7 Nc7 38. Nb2 Ndb5 39. Nc4 Qb8 40. a4 Nc3 41. Na5 N3d5 42. Nc6 Qb7 43. Nxd4 1-0

[Event "Elista ol (Men)"]
[Site "Elista"]
[Date "1998.10.02"]
[Round "4"]
[White "Temirbaev, Serik"]
[Black "Adams, Michael"]
[Result "1/2-1/2"]
[WhiteElo "2475"]
[BlackElo "2715"]
[PlyCount "76"]
[EventDate "1998.09.29"]
[Source "ChessBase"]
[SourceDate "1998.11.06"]

1. d4 d6 2. Nf3 Bg4 3. c4 Nd7 4. g3 Bxf3 5. exf3 g6 6. Bg2 Bg7 7. O-O Nh6 8. Nc3 O-O 9. Bxh6 Bxh6 10. f4 Bg7 11. Qd2 c6 12. d5 Rc8 13. Rac1 Qa5 14. Rfd1 Rfe8 15. b3 Rc7 16. h4 Bxc3 17. Qxc3 Qxc3 18. Rxc3 cxd5 19. Rxd5 Nf6 20. Rb5 b6 21. a4 Rb8 22. a5 Rc5 23. axb6 Rxb6 24. Rxc5 dxc5 25. Rd3 Kg7 26. Bf3 Rd6 27. Rxd6 exd6 28. Kf1 Ne8 29. Ke2 Nc7 30. Kd3 Kf6 31. h5 Ne6 32. hxg6 fxg6 33. Bg4 a5 34. Bd1 Kf5 35. Ke3 Nd4 36. g4+ Kf6 37. Ke4 h6 38. g5+ hxg5 1/2-1/2

[Event "CCA/ICC"]
[Site "Stratton Mountain"]
[Date "2004.06.12"]
[Round "8"]
[White "Ehlvest, Jaan"]
[Black "Fridman, Daniel"]
[Result "1-0"]
[WhiteElo "2596"]
[BlackElo "2594"]
[PlyCount "113"]
[EventDate "2004.06.08"]
[Source "Roberto Alvarez"]
[SourceDate "2004.06.13"]

1. d4 d6 2. Nf3 Bg4 3. e3 Nd7 4. c4 e5 5. Nc3 Ngf6 6. Be2 c6 7. O-O Be7 8. h3 Bh5 9. g4 Bg6 10. Nh4 Ne4 11. Nxg6 Nxc3 12. bxc3 hxg6 13. Kg2 Qa5 14. Rb1 Nb6 15. Rb3 Qa4 16. Qd3 c5 17. Ra3 Qd7 18. Bf3 cxd4 19. cxd4 O-O 20. c5 dxc5 21. dxc5 Bxc5 22. Qxd7 Nxd7 23. Rd3 Nb6 24. Bxb7 Rad8 25. Rfd1 Rxd3 26. Rxd3 f6 27. h4 Kf7 28. Rc3 Bd6 29. Be4 Rd8 30. Rc6 Rc8 31. Rxc8 Nxc8 32. Bb7 Ne7 33. e4 Bc5 34. Kf3 Ke6 35. Ke2 Kd6 36. f4 exf4 37. Bxf4+ Kd7 38. Kd3 Bf2 39. h5 Ke6 40. Kc4 gxh5 41. gxh5 Kd7 42. a4 g5 43. Bd2 g4 44. Kd3 g3 45. Ke2 Ke6 46. Bd5+ Nxd5 47. exd5+ Kxd5 48. h6 Bd4 49. Be3 Bc3 50. Bxa7 f5 51. Kf3 Ke6 52. a5 Ke7 53. a6 Be5 54. Bg1 Bb8 55. a7 Bxa7 56. Bxa7 f4 57. Bb8 1-0

[Event "Beijing"]
[Site "?"]
[Date "1991.??.??"]
[Round "?"]
[White "Vyzmanavin, A."]
[Black "Miles, A."]
[Result "0-1"]
[WhiteElo "2605"]
[BlackElo "2585"]
[PlyCount "78"]
[EventDate "1991.??.??"]
[Source "ChessBase"]
[SourceDate "1991.06.01"]

1. d4 d6 2. Nf3 Bg4 3. c4 Nd7 4. e4 e5 5. Be2 Be7 6. Nc3 Bxf3 7. Bxf3 Bg5 8. O-O Bxc1 9. Rxc1 Ngf6 10. Qd2 O-O 11. Be2 Re8 12. d5 Nc5 13. Qe3 a5 14. b3 c6 15. Rb1 Qb6 16. a3 Rec8 17. Rfc1 Ncd7 18. Qxb6 Nxb6 19. f3 Kf8 20. Kf2 Nbd7 21. Ke3 Ke7 22. Kd2 Rh8 23. g3 Ne8 24. f4 Nef6 25. b4 axb4 26. axb4 Ra3 27. Bd3 h5 28. h4 Rc8 29. Rc2 Ng4 30. Be2 Ndf6 31. Bxg4 hxg4 32. fxe5 dxe5 33. c5 Rd8 34. d6+ Ke8 35. Kd3 Rda8 36. b5 Nd7 37. bxc6 bxc6 38. Ke2 R8a5 39. Nb5 Rxb5 0-1

[Event "Beer_Sheva"]
[Site "?"]
[Date "1993.??.??"]
[Round "?"]
[White "Skembris, S."]
[Black "Gulko, B."]
[Result "0-1"]
[WhiteElo "2545"]
[BlackElo "2635"]
[PlyCount "60"]
[EventDate "1993.??.??"]
[Source "ChessBase"]
[SourceDate "1993.10.01"]

1. d4 d6 2. Nf3 Bg4 3. e4 Nf6 4. h3 Bh5 5. Qe2 e6 6. Bg5 Be7 7. Bxf6 Bxf3 8. Qb5+ c6 9. Qxb7 Bxf6 10. Qxa8 Qb6 11. Nd2 Bxd4 12. gxf3 Bxf2+ 13. Kd1 O-O 14. Nc4 Qc7 15. Ke2 Bg3 16. Rg1 Bh2 17. Rg2 Nd7 18. Qxf8+ Kxf8 19. Rxh2 d5 20. f4 Qxf4 21. Rf2 Qxe4+ 22. Ne3 d4 23. Bg2 Qxe3+ 24. Kf1 Ne5 25. Re1 Qg3 26. b3 c5 27. Rfe2 Ng6 28. Rf2 Nf4 29. Rxf4 Qxf4+ 30. Kg1 Qd2 0-1

[Event "New York"]
[Site "?"]
[Date "1993.??.??"]
[Round "?"]
[White "Goldin, A."]
[Black "Epishin, V."]
[Result "1/2-1/2"]
[WhiteElo "2555"]
[BlackElo "2620"]
[PlyCount "78"]
[EventDate "1993.??.??"]
[Source "ChessBase"]
[SourceDate "1993.02.01"]

1. d4 d6 2. Nf3 Bg4 3. e4 Nf6 4. Nc3 e6 5. h3 Bh5 6. Qe2 c6 7. g4 Bg6 8. h4 h5 9. g5 Nfd7 10. Bh3 Be7 11. Nd2 d5 12. f4 dxe4 13. Ndxe4 Nb6 14. Be3 Nd5 15. O-O Nxe3 16. Qxe3 Na6 17. f5 exf5 18. Bxf5 O-O 19. Bxg6 fxg6 20. Rxf8+ Bxf8 21. Rf1 Qd7 22. Ne2 Re8 23. N2g3 Kh8 24. c3 Nc7 25. Qf3 Kg8 26. Qf6 Qe6 27. Qxe6+ Nxe6 28. Kg2 Be7 29. Rf3 Rd8 30. Ne2 Rd5 31. Nd2 Bd6 32. Nc4 Bc7 33. Kf2 b5 34. Ne3 Rd8 35. Ke1 c5 36. d5 Nf8 37. Nf4 Re8 38. Kd2 Re4 39. Neg2 c4 1/2-1/2

[Event "Altensteig"]
[Site "Altensteig"]
[Date "1995.??.??"]
[Round "5"]
[White "Georgiev, Kiril"]
[Black "Hickl, Joerg"]
[Result "1-0"]
[WhiteElo "2605"]
[BlackElo "2570"]
[PlyCount "137"]
[EventDate "1995.08.??"]
[Source "ChessBase"]

1. d4 d6 2. Nf3 Bg4 3. c4 Nd7 4. Qb3 Rb8 5. h3 Bxf3 6. Qxf3 g6 7. Nc3 Bg7 8. e3 a6 9. Bd2 c5 10. d5 Ngf6 11. e4 O-O 12. Be2 e6 13. O-O Ne5 14. Qf4 exd5 15. exd5 Ne8 16. Qg3 f5 17. f4 Nd7 18. a4 Bd4+ 19. Kh1 Ng7 20. Qd3 Qh4 21. Kh2 Rbe8 22. Rae1 Qd8 23. Bf3 h5 24. g3 g5 25. fxg5 Ne5 26. Qc2 Nxf3+ 27. Rxf3 Rxe1 28. Bxe1 Qxg5 29. Bd2 Qe7 30. h4 Re8 31. Qd3 Qf7 32. b3 Qg6 33. Ne2 Bf6 34. Bf4 Be5 35. Bg5 Qf7 36. Bh6 Rf8 37. Nf4 Bxf4 38. Bxf4 Qg6 39. Re3 Re8 40. Rxe8+ Nxe8 41. Qe2 Qf7 42. a5 Kh7 43. Kg2 Kg6 44. Qe3 Qd7 45. Bg5 Kf7 46. Qf3 Ng7 47. Bh6 Qe8 48. Qc3 Qe4+ 49. Kf2 Ne8 50. Bg5 Kg6 51. Qh8 Qc2+ 52. Ke1 Qb1+ 53. Kd2 Qa2+ 54. Kc1 Qa3+ 55. Kc2 Qa2+ 56. Qb2 Qxa5 57. Bd2 Qc7 58. Qh8 Nf6 59. Qf8 f4 60. Bxf4 Qd7 61. Qxd6 Qf5+ 62. Kb2 b5 63. Qxc5 bxc4 64. bxc4 Qd3 65. Qc6 Qe2+ 66. Kb3 Qd1+ 67. Kb4 Qe1+ 68. Kc5 a5 69. Kb5 1-0

[Event "Groningen PCA"]
[Site "Groningen"]
[Date "1993.??.??"]
[Round "5"]
[White "Polgar, Zsuzsa"]
[Black "Kortschnoj, Viktor"]
[Result "1/2-1/2"]
[WhiteElo "2545"]
[BlackElo "2625"]
[PlyCount "40"]
[EventDate "1993.12.??"]
[Source "ChessBase"]

1. d4 d6 2. Nf3 Bg4 3. e4 Nf6 4. h3 Bxf3 5. Qxf3 c6 6. Bd3 Nbd7 7. O-O e5 8. c3 g6 9. Be3 Bg7 10. Nd2 O-O 11. Qd1 d5 12. dxe5 Nxe5 13. Bc2 dxe4 14. Nxe4 Nxe4 15. Bxe4 Nc4 16. Bc1 Qxd1 17. Rxd1 Rad8 18. Bc2 Rxd1+ 19. Bxd1 Rd8 20. Bb3 Nd2 1/2-1/2

[Event "Nussloch"]
[Site "Nussloch"]
[Date "1996.??.??"]
[Round "10"]
[White "Lobron, Eric"]
[Black "Hickl, Joerg"]
[Result "1-0"]
[WhiteElo "2590"]
[BlackElo "2580"]
[PlyCount "79"]
[EventDate "1996.05.??"]
[Source "ChessBase"]

1. d4 d6 2. Nf3 Bg4 3. c4 Nd7 4. d5 e5 5. Nc3 Be7 6. e4 Bxf3 7. Qxf3 Bg5 8. Bd3 Nh6 9. O-O O-O 10. Qh3 Bxc1 11. Raxc1 a5 12. Na4 Qe7 13. Rfe1 Kh8 14. Rc3 b6 15. Bc2 Nc5 16. Nxc5 bxc5 17. Ra3 Rfb8 18. Qc3 Rb4 19. Ba4 f5 20. Bc6 Rf8 21. Rxa5 fxe4 22. Rxe4 Nf5 23. Rb5 Qg5 24. h3 Nd4 25. Rxb4 cxb4 26. Qe3 Qg6 27. Rg4 Qb1+ 28. Kh2 Qxb2 29. f4 Qxa2 30. c5 b3 31. cxd6 cxd6 32. fxe5 Nf3+ 33. Kg3 Nxe5 34. Rf4 Rg8 35. Qb6 b2 36. Rb4 Qa3+ 37. Kh2 Qc3 38. Rb3 Qe1 39. Qb4 Qxb4 40. Rxb4 1-0

[Event "Biel"]
[Site "Biel"]
[Date "1990.??.??"]
[Round "4"]
[White "Lautier, Joel"]
[Black "Miles, Anthony J"]
[Result "1/2-1/2"]
[WhiteElo "2570"]
[BlackElo "2595"]
[PlyCount "84"]
[EventDate "1990.07.??"]
[Source "ChessBase"]

1. d4 d6 2. Nf3 Bg4 3. c4 Nd7 4. e4 e5 5. Be2 Be7 6. Nc3 Bxf3 7. Bxf3 Bg5 8. O-O Bxc1 9. Rxc1 Ngf6 10. g3 O-O 11. Bg2 a6 12. Qd2 Qb8 13. Nd5 Re8 14. dxe5 dxe5 15. c5 c6 16. Ne3 Qa7 17. Nf5 g6 18. Nd6 Red8 19. b4 a5 20. a3 axb4 21. axb4 b6 22. Qc3 bxc5 23. bxc5 Qa3 24. Rfd1 Qxc3 25. Rxc3 Nf8 26. f4 Ne6 27. fxe5 Ng4 28. Bh3 h5 29. Bxg4 hxg4 30. Rf1 Rd7 31. Kg2 Ng5 32. Rc2 Rda7 33. Rf4 Ra2 34. Rxa2 Rxa2+ 35. Kf1 Rxh2 36. e6 Nxe6 37. Rxf7 Nd4 38. Rf4 Nf3 39. Rxg4 g5 40. e5 Rc2 41. Ra4 Nxe5 42. Ne4 g4 1/2-1/2

[Event "LXVI Campionato georgiano"]
[Site "Tbilisi GEO"]
[Date "2007.03.14"]
[Round "1"]
[White "Arutinian, D."]
[Black "Gagunashvili, M."]
[Result "0-1"]
[WhiteElo "2552"]
[BlackElo "2611"]
[PlyCount "106"]
[EventDate "2007.03.14"]
[Source "www.chesslib.no"]
[SourceDate "2004.05.04"]

1. d4 d6 2. Nf3 Bg4 3. c4 Nd7 4. e4 Bxf3 5. Qxf3 g6 6. Nc3 Bg7 7. Qd1 c5 8. d5 Bxc3+ 9. bxc3 Qa5 10. Qc2 Ngf6 11. f3 h6 12. Be2 g5 13. O-O O-O-O 14. Rb1 Kb8 15. Rb3 a6 16. Be3 Ka7 17. Rfb1 Rb8 18. g3 Rhg8 19. Kh1 h5 20. f4 gxf4 21. gxf4 Qc7 22. Bf3 b6 23. Bf2 Rg6 24. Rg1 Rxg1+ 25. Bxg1 Nf8 26. e5 dxe5 27. fxe5 Qxe5 28. Ra3 a5 29. Bxc5 bxc5 30. Rxa5+ Kb6 31. Qa4 Kc7 32. Rxc5+ Kd8 33. Qa5+ Ke8 34. Rb5 Ng6 35. Rxb8+ Qxb8 36. Qb5+ Qxb5 37. cxb5 Ne5 38. Bg2 Kd7 39. a4 Nc4 40. Bf1 Ne3 41. Bh3+ Kc7 42. a5 Nfxd5 43. b6+ Kb7 44. Bd7 Nc4 45. Bb5 Nxa5 46. Be8 Nf4 47. Bxf7 Kxb6 48. Kg1 Kc5 49. Kf2 Kd6 50. Kf3 Ke5 51. h4 Nb7 52. Bb3 Nd6 53. Bd1 Ne4 0-1

[Event "Linares NL"]
[Site "Linares ESP"]
[Date "1994.??.??"]
[Round "9"]
[White "Morovic Fernandez, Ivan E"]
[Black "Nogueiras, Jesus"]
[Result "1/2-1/2"]
[WhiteElo "2605"]
[BlackElo "2550"]
[PlyCount "67"]
[EventDate "1994.09.??"]
[Source "www.chesslib.no"]
[SourceDate "2004.05.04"]

1. d4 d6 2. Nf3 Bg4 3. e4 Nf6 4. Nc3 e6 5. Be2 Be7 6. O-O O-O 7. d5 exd5 8. exd5 Nbd7 9. Nd4 Bxe2 10. Qxe2 Re8 11. Qb5 Nb6 12. a4 a6 13. Qb3 Nfd7 14. a5 Nc5 15. Qb4 Nbd7 16. Nb3 Bf6 17. Nxc5 Nxc5 18. Be3 b6 19. axb6 cxb6 20. Bd4 a5 21. Qc4 Bxd4 22. Qxd4 Qd7 23. b4 axb4 24. Rxa8 Rxa8 25. Qxb4 Ra6 26. Qb5 h6 27. Qxd7 Nxd7 28. Nb5 Ra5 29. c4 Ne5 30. Nxd6 Rc5 31. Rc1 Nxc4 32. Nxc4 b5 33. d6 bxc4 34. d7 1/2-1/2

[Event "Amsterdam m1"]
[Site "?"]
[Date "2005.07.21"]
[Round "6"]
[White "Avrukh Boris"]
[Black "Bellini Fabio"]
[Result "1/2-1/2"]
[WhiteElo "2652"]
[BlackElo "2501"]
[PlyCount "116"]
[EventDate "2005.??.??"]
[Source "www.chesslib.no"]
[SourceDate "2004.05.04"]

1. d4 d6 2. Nf3 Bg4 3. c4 Bxf3 4. exf3 c6 5. Nc3 g6 6. Be3 Bg7 7. Be2 Nf6 8. g4 e6 9. f4 d5 10. f5 exf5 11. gxf5 dxc4 12. Bxc4 b5 13. Bb3 b4 14. Ne2 Nd5 15. Qd3 Nd7 16. Rc1 Rc8 17. Qe4+ Kf8 18. Rxc6 Rxc6 19. Qxd5 Rf6 20. Bg5 Qc7 21. Bxf6 Nxf6 22. Qf3 Ke7 23. O-O Rc8 24. Rc1 Qd7 25. Rxc8 Qxc8 26. Ng3 Kf8 27. Qf4 Kg8 28. h3 Qd8 29. d5 Bf8 30. Qe3 Qc7 31. Qd4 Bc5 32. Qh4 Qe5 33. Kg2 Kg7 34. Qc4 Bd6 35. Qe2 Qd4 36. fxg6 hxg6 37. Qc2 Bxg3 38. fxg3 Nxd5 39. Qf2 Ne3+ 40. Kh1 Qe4+ 41. Kg1 f5 42. Qe2 f4 43. gxf4 Qxf4 44. Qf2 Qg5+ 45. Kh1 Qe5 46. Qf7+ Kh6 47. Qf8+ Kh5 48. Qf3+ Kg5 49. Qf2 Qf4 50. Kg1 Qe5 51. Kh1 a5 52. Kg1 Nf5 53. Bd1 Qd5 54. Bb3 Qd3 55. Kh2 Qd6+ 56. Kg1 Qd3 57. Kh2 Qd6+ 58. Kg1 Qd3 1/2-1/2

[Event "Belgrade"]
[Site "Belgrade"]
[Date "1993.??.??"]
[Round "5"]
[White "Mozetic, Dejan"]
[Black "Damljanovic, Branko"]
[Result "0-1"]
[WhiteElo "2580"]
[BlackElo "2570"]
[PlyCount "96"]
[EventDate "1993.12.??"]
[Source "ChessBase"]

1. d4 d6 2. Nf3 Bg4 3. c4 Nd7 4. d5 e5 5. dxe6 Bxe6 6. e4 Ngf6 7. Nc3 Bg4 8. Be2 g6 9. O-O Bg7 10. Be3 O-O 11. Nd4 Bxe2 12. Qxe2 Re8 13. f3 c6 14. Rad1 a6 15. Qd2 Ne5 16. b3 b5 17. cxb5 axb5 18. Rf2 Qa5 19. Nb1 b4 20. Nc2 d5 21. Qxb4 Qa6 22. Qb6 Qxb6 23. Bxb6 dxe4 24. Nb4 Ned7 25. Be3 c5 26. Nd5 Nxd5 27. Rxd5 exf3 28. Rxf3 Nf6 29. Rd2 Ne4 30. Rc2 Rad8 31. Nd2 Nc3 32. Bxc5 Rc8 33. b4 Ne2+ 34. Kf1 Nd4 35. Rcc3 Nxf3 36. Rxf3 Bf8 37. Nb3 Rcd8 38. Bxf8 Kxf8 39. a4 Re4 40. Nc5 Rd1+ 41. Kf2 Rxb4 42. Rc3 Kg7 43. Ke2 Ra1 44. Kf3 h5 45. h3 Ra2 46. Rd3 h4 47. Rc3 Rbb2 48. g3 Rc2 0-1